[Event "7. LGA Premium Cup"]
[Site "Nürnberg"]
[Date "2010.09.03"]
[Round "2.80"]
[White "Wörl, Richard"]
[Black "Bilchinski, Anton"]
[Result "1-0"]
[WhiteElo "2042"]
[BlackElo "1713"]
[PlyCount "61"]
[EventDate "2010.09.02"]
[WhiteTeam "SW Nürnberg Süd e.V."]
[BlackTeam "SK 1908 Göggingen"]

1. e4 e5 2. Nf3 d6 3. d4 exd4 4. Nxd4 Nf6 5. Bd3 Be7 6. O-O O-O 7. f3 c5 8. Ne2
Qc7 9. c3 Nc6 10. f4 Re8 11. Nd2 Bf8 12. Ng3 Kh8 13. h3 g6 14. Nf3 Bg7 15. f5
Ne5 16. Nxe5 dxe5 17. Bg5 Ng8 18. Bc4 a6 19. fxg6 fxg6 20. Rf7 Qb6 21. Bd5 Rb8
22. Qf3 Be6 23. Bxe6 Rxe6 24. Rd1 Rd6 25. Rd7 Rxd1+ 26. Qxd1 Qxb2 27. Qd5 Rf8
28. Rxb7 Qxc3 29. Kh2 Qd4 30. Qc6 Bf6 31. Qc7 1-0

[Event "7. LGA Premium Cup"]
[Site "Nürnberg"]
[Date "2010.09.03"]
[Round "2.81"]
[White "Stein, Tobias"]
[Black "Weissbeck, Wolf-Dieter"]
[Result "1/2-1/2"]
[WhiteElo "2036"]
[BlackElo "1708"]
[PlyCount "30"]
[EventDate "2010.09.02"]
[WhiteTeam "SV Alsfeld"]
[BlackTeam "SV Alsfeld"]

1. e4 e6 2. d4 d5 3. e5 c5 4. c3 Qb6 5. Nf3 Bd7 6. Be2 Bb5 7. c4 dxc4 8. d5
exd5 9. Qxd5 Ne7 10. Qe4 Qc6 11. Qc2 Qg6 12. Qxg6 Nxg6 13. Nbd2 Nd7 14. Bxc4
Bc6 15. O-O Be7 1/2-1/2

[Event "7. LGA Premium Cup"]
[Site "Nürnberg"]
[Date "2010.09.03"]
[Round "2.82"]
[White "Krawczyk, Harald"]
[Black "Zwingel, Stephan"]
[Result "0-1"]
[WhiteElo "1723"]
[BlackElo "2036"]
[PlyCount "80"]
[EventDate "2010.09.02"]
[WhiteTeam "SV Rot-Weiß Neuenhagen"]
[BlackTeam "SK Zirndorf e.V."]

1. e4 c5 2. Nf3 d6 3. Bc4 e6 4. Nc3 Nf6 5. d3 Be7 6. O-O Nc6 7. a3 a6 8. Ne2 d5
9. exd5 exd5 10. Ba2 Bg4 11. Ng3 Nd4 12. Re1 O-O 13. c3 Nxf3+ 14. gxf3 Be6 15.
d4 c4 16. Bg5 h6 17. Bf4 Re8 18. Bb1 Bf8 19. Be5 g6 20. Kh1 Bg7 21. Rg1 Kh8 22.
Rg2 Rg8 23. Qd2 Qf8 24. Bc2 Nh7 25. Bxg7+ Qxg7 26. Nh5 Qf8 27. Nf4 Re8 28. Rag1
Ng5 29. Rg3 Rg7 30. h4 Nh7 31. Nxe6 Rxe6 32. Qxh6 Qe7 33. Qf4 Nf6 34. Qg5 Re2
35. Ba4 Rh7 36. Bd1 Rxf2 37. Rh3 Qe6 38. Rgg3 Rf1+ 39. Kg2 Rxd1 40. h5 Qe2# 0-1

[Event "7. LGA Premium Cup"]
[Site "Nürnberg"]
[Date "2010.09.03"]
[Round "2.83"]
[White "Luther, Helmut"]
[Black "Münzenberg, Dietrich"]
[Result "1-0"]
[WhiteElo "2020"]
[BlackElo "1604"]
[PlyCount "55"]
[EventDate "2010.09.02"]
[WhiteTeam "SW Nürnberg Süd e.V."]
[BlackTeam "Spvg Zabo-Eintracht Nürnberg e.V"]

1. d4 e6 2. c4 f5 3. g3 Nf6 4. Bg2 d5 5. Nf3 Bb4+ 6. Nc3 Ne4 7. Qb3 a5 8. O-O
c6 9. a3 Bd6 10. c5 Bc7 11. Na4 Nd7 12. Nd2 O-O 13. f3 Nxg3 14. hxg3 Bxg3 15.
f4 Qh4 16. Nf3 Qh6 17. Rd1 Nf6 18. Nb6 Rb8 19. e3 Ng4 20. Bd2 Rf6 21. Be1 Bh2+
22. Kf1 Rg6 23. Nh4 Bxf4 24. exf4 Qxf4+ 25. Ke2 Rh6 26. Bg3 Qg5 27. Nf3 Qh5 28.
Bxb8 1-0

[Event "7. LGA Premium Cup"]
[Site "Nürnberg"]
[Date "2010.09.03"]
[Round "2.84"]
[White "Hirschberg, Leander"]
[Black "Renner, Gabriele"]
[Result "1/2-1/2"]
[WhiteElo "1705"]
[BlackElo "2008"]
[PlyCount "96"]
[EventDate "2010.09.02"]
[WhiteTeam "SV Pfinztal e. V."]
[BlackTeam "FC Bayern München e.V."]

1. e4 c6 2. d4 d5 3. Nc3 dxe4 4. Nxe4 Nd7 5. Nf3 Ngf6 6. Ng3 e6 7. Bf4 c5 8.
Be3 Qb6 9. b3 Nd5 10. Qd2 Nxe3 11. fxe3 cxd4 12. exd4 Be7 13. Bc4 O-O 14. O-O
e5 15. Kh1 exd4 16. Nxd4 Bf6 17. Rad1 Ne5 18. Qe2 Bg4 19. Nf3 Bxf3 20. gxf3
Nxc4 21. Qxc4 Rac8 22. Qe2 Rfe8 23. Qf2 Qc6 24. c4 Bh4 25. Rd2 Re6 26. Qd4 Bxg3
27. hxg3 Rce8 28. Rff2 Re1+ 29. Kg2 Qh6 30. Qh4 Qe6 31. Qd4 h6 32. Qd5 Qg6 33.
Qd3 Qh5 34. Rf1 R1e3 35. Qd5 Re2+ 36. Rxe2 Rxe2+ 37. Rf2 Rxf2+ 38. Kxf2 Qh2+
39. Ke3 Qxg3 40. Qxb7 g6 41. Qc8+ Kg7 42. c5 h5 43. c6 h4 44. c7 Qe5+ 45. Kf2
Qc5+ 46. Ke2 Qc2+ 47. Ke3 Qc3+ 48. Ke2 Qe5+ 1/2-1/2

[Event "7. LGA Premium Cup"]
[Site "Nürnberg"]
[Date "2010.09.03"]
[Round "2.86"]
[White "Kurz, Leonhard"]
[Black "Werner, Thomas"]
[Result "0-1"]
[WhiteElo "1599"]
[BlackElo "2004"]
[PlyCount "82"]
[EventDate "2010.09.02"]
[WhiteTeam "SK Nürnberg 1911 e.V."]
[BlackTeam "SW Nürnberg Süd e.V."]

1. e4 c6 2. d4 d5 3. e5 c5 4. c3 Nc6 5. Nf3 Bg4 6. Be2 e6 7. Be3 Qb6 8. Qd2 f6
9. exf6 gxf6 10. Na3 O-O-O 11. O-O Kb8 12. Nc2 e5 13. dxc5 Bxc5 14. Bxc5 Qxc5
15. b4 Qd6 16. a4 e4 17. Nfd4 Bxe2 18. Qxe2 Nge7 19. a5 Ne5 20. a6 b6 21. Nb5
Qd7 22. Ncd4 Rhg8 23. Kh1 Rg7 24. f3 f5 25. fxe4 fxe4 26. Rf6 Rg6 27. Raf1 Qc8
28. Qh5 N5c6 29. Nxc6+ Nxc6 30. Qxh7 Rxf6 31. Rxf6 Rd7 32. Qh6 Qxa6 33. Qf4+
Kb7 34. Nd6+ Rxd6 35. Rf7+ Ka8 36. Rf8+ Rd8 37. h4 Qa1+ 38. Kh2 Qxc3 39. Rxd8+
Nxd8 40. Qd6 Nc6 41. b5 Qe5+ 0-1

[Event "7. LGA Premium Cup"]
[Site "Nürnberg"]
[Date "2010.09.03"]
[Round "2.87"]
[White "Süß, Stefan"]
[Black "Dreiseitel, Ursula"]
[Result "1-0"]
[WhiteElo "1992"]
[BlackElo "1533"]
[PlyCount "71"]
[EventDate "2010.09.02"]
[WhiteTeam "SC Noris-Tarrasch Nürnberg 1873"]
[BlackTeam "SC Noris-Tarrasch Nürnberg 1873"]

1. b3 Nf6 2. Bb2 d6 3. d4 g6 4. Nf3 Bg7 5. e3 O-O 6. Bd3 Nc6 7. a3 Nh5 8. Be2
Nf6 9. c4 Ne4 10. Qc2 Nf6 11. Bd3 Ne8 12. d5 Ne5 13. Nxe5 dxe5 14. h4 f5 15. e4
f4 16. Nd2 Nd6 17. Nf3 Nf7 18. h5 g5 19. h6 Bf6 20. Bc3 a5 21. Qb2 Qd6 22. Rc1
b6 23. b4 Bd7 24. c5 bxc5 25. bxc5 Qxc5 26. Bd4 Qxc1+ 27. Qxc1 exd4 28. Qc4 Nd6
29. Qc2 Bh8 30. Rh5 e5 31. dxe6 Bxe6 32. Rxg5+ Kf7 33. Qxc7+ Ke8 34. Qxd6 Bd7
35. Ne5 Ra7 36. Qb8+ 1-0

[Event "7. LGA Premium Cup"]
[Site "Nürnberg"]
[Date "2010.09.03"]
[Round "2.88"]
[White "Beesk, Kevin"]
[Black "Knapp, Michael"]
[Result "0-1"]
[WhiteElo "1547"]
[BlackElo "1989"]
[PlyCount "84"]
[EventDate "2010.09.02"]
[WhiteTeam "SK Neumarkt e.V."]
[BlackTeam "SV Mendig-Mayen e.V."]

1. Nc3 d5 2. e4 d4 3. Nce2 c5 4. Ng3 Nc6 5. Nf3 Nf6 6. a3 g6 7. Bc4 Bg7 8. d3
Qc7 9. O-O Bg4 10. h3 Bxf3 11. Qxf3 O-O 12. Ba2 Rac8 13. Qd1 b5 14. Ne2 Nh5 15.
Rb1 a5 16. Bd2 b4 17. axb4 Nxb4 18. Bxb4 cxb4 19. Bb3 Kh8 20. Ra1 Be5 21. Qd2
Qb6 22. f4 Bc7 23. Rf3 e6 24. Ng3 Ng7 25. Kh1 Qc5 26. Ba4 Bd8 27. Raf1 Bh4 28.
Ne2 Rc7 29. Ng3 Ne8 30. Ne2 Nd6 31. Ng3 Nc8 32. Ra1 Nb6 33. Bb3 Ra8 34. e5 Bxg3
35. Rxg3 a4 36. Bxa4 Rxa4 37. Rxa4 Nxa4 38. b3 Nb6 39. Rf3 Nd5 40. Rf2 Ne3 41.
Qc1 Qc3 42. Kh2 Qxd3 0-1

[Event "7. LGA Premium Cup"]
[Site "Nürnberg"]
[Date "2010.09.03"]
[Round "2.90"]
[White "Forster, Stephan"]
[Black "Hartmann, Thomas"]
[Result "0-1"]
[WhiteElo "1521"]
[BlackElo "1986"]
[PlyCount "50"]
[EventDate "2010.09.02"]
[WhiteTeam "SG Siemens Amberg"]
[BlackTeam "SC Weisse Dame Ulm e.V."]

1. d4 Nf6 2. Nf3 e6 3. Bg5 h6 4. Bh4 d6 5. Nbd2 g5 6. Bg3 Nh5 7. e4 Bg7 8. c3
Nd7 9. Nb3 O-O 10. Bd3 f5 11. h4 Nxg3 12. fxg3 g4 13. Nfd2 Nf6 14. Qc2 Nh5 15.
O-O-O Nxg3 16. Rh2 a5 17. Nf1 Nxf1 18. Rxf1 e5 19. Bc4+ Kh8 20. dxe5 Bxe5 21.
Rhh1 fxe4 22. Qxe4 Bf5 23. Qe3 Qf6 24. g3 Rae8 25. Qg1 Bxc3 0-1

[Event "7. LGA Premium Cup"]
[Site "Nürnberg"]
[Date "2010.09.03"]
[Round "2.91"]
[White "Schlötterer, Hermann"]
[Black "Zeug, Klaus-Peter"]
[Result "1/2-1/2"]
[WhiteElo "1980"]
[BlackElo "1440"]
[PlyCount "66"]
[EventDate "2010.09.02"]
[WhiteTeam "SC Noris-Tarrasch Nürnberg 1873"]
[BlackTeam "SK Nürnberg 1911 e.V."]

1. d4 d5 2. g3 e6 3. Bg2 Nf6 4. Nf3 Bb4+ 5. Bd2 Be7 6. Bg5 c6 7. O-O Nbd7 8.
Nbd2 h6 9. Bf4 Nh5 10. Be3 c5 11. dxc5 Nxc5 12. Bd4 O-O 13. Ne5 Nf6 14. c4 Ncd7
15. cxd5 Nxd5 16. e4 N5f6 17. Ndc4 Nxe5 18. Bxe5 Bd7 19. Bxf6 Bxf6 20. e5 Be7
21. Bxb7 Rb8 22. Be4 Bb5 23. b3 Qxd1 24. Rfxd1 Bxc4 25. bxc4 Rb2 26. Rd3 Bc5
27. Rf3 Bd4 28. Re1 Rxa2 29. Bd3 Rb8 30. Re4 Bc5 31. Ref4 Rb7 32. Be4 Rc7 33.
Rd3 g6 1/2-1/2

[Event "7. LGA Premium Cup"]
[Site "Nürnberg"]
[Date "2010.09.03"]
[Round "2.92"]
[White "Ratscheu, Stefan"]
[Black "Zeitler, Hans-Jürgen"]
[Result "0-1"]
[WhiteElo "1307"]
[BlackElo "1970"]
[PlyCount "38"]
[EventDate "2010.09.02"]
[WhiteTeam "SC Postbauer-Heng e.V"]
[BlackTeam "SC Waischenfeld"]

1. c4 f5 2. g3 Nf6 3. Bg2 g6 4. Nc3 Bg7 5. Nf3 d6 6. d3 e5 7. e4 Nc6 8. Be3 O-O
9. O-O Nh5 10. Nd5 f4 11. Bd2 Be6 12. Qc1 g5 13. Be1 g4 14. Nd2 f3 15. Bh1 Bxd5
16. cxd5 Nd4 17. Bxf3 gxf3 18. Kh1 Qd7 19. Nxf3 Nxf3 0-1

[Event "7. LGA Premium Cup"]
[Site "Nürnberg"]
[Date "2010.09.03"]
[Round "2.93"]
[White "Lais, Thomas"]
[Black "Homfeldt, Maren"]
[Result "1-0"]
[WhiteElo "1916"]
[BlackElo "785"]
[PlyCount "25"]
[EventDate "2010.09.02"]
[WhiteTeam "SW Nürnberg Süd e.V."]
[BlackTeam "SC Noris-Tarrasch Nürnberg 1873"]

1. e4 e5 2. Nf3 d6 3. d4 Nc6 4. Bb5 Bd7 5. Nc3 Nxd4 6. Nxd4 exd4 7. Qxd4 c6 8.
Be2 Qf6 9. Qe3 Be6 10. O-O d5 11. exd5 cxd5 12. Nxd5 Qd8 13. Bb5+ 1-0